[Event "C10"]
[Site "?"]
[Date "2020.08.30"]
[Round "8.4"]
[White "Kaszuba, Michal"]
[Black "Karaszewski, Gabriel"]
[Result "1-0"]
[BlackElo "1247"]
[WhiteElo "1167"]
[LiveChessVersion "1.4.8"]

1. e4 c5 2. f4 d5 3. Bb5+ Nc6 4. e5 h5 5. Nf3 Bg4 6. d3 Qa5+ 7. Nc3 d4 8. Bxc6+
bxc6 9. Bd2 dxc3 10. Bxc3 Qb6 11. O-O e6 12. Qe2 Ne7 13. Rad1 Nd5 14. h3 Bxf3 15.
Qxf3 Be7 16. Rfe1 O-O-O 17. Qe4 Kb8 18. Qf3 g6 19. Kh1 Rhg8 20. Kh2 Nxc3 21. bxc3
Kc7 22. Rb1 Qa5 23. Rb3 Rb8 24. Rxb8 Rxb8 25. c4 Qxa2 26. Qe2 Qb2 27. Qd2 Qd4 28.
Rf1 Kc8 29. Rf3 Rb2 30. Rf2 Kc7 31. Kh1 Kb7 32. Kh2 a6 33. Qe2 Qc3 34. Kg3 h4+
35. Kh2 a5 36. Qd1 a4 37. Qa1 a3 38. Qd1 a2 39. Qa1 Qa3 40. Rf1 Qa6 41. Qxb2+ Qb6
42. Qxb6+ Kxb6 43. Ra1 1-0

[Event "C10"]
[Site "?"]
[Date "2020.08.30"]
[Round "8.5"]
[White "Jasiulewicz, Kamil"]
[Black "Majcher, Igor"]
[Result "1/2-1/2"]
[BlackElo "1365"]
[WhiteElo "1381"]
[LiveChessVersion "1.4.8"]

1. d4 d5 {[%clk 0:03:02]} 2. c4 {[%clk 0:03:04]} dxc4 {[%clk 0:03:02]} 3. e4
{[%clk 0:03:01]} a6 {[%clk 0:03:03]} 4. Bxc4 {[%clk 0:03:00]} b5 {[%clk 0:03:03]}
5. Bb3 {[%clk 0:02:50]} Bb7 {[%clk 0:03:04]} 6. Nc3 {[%clk 0:02:50]} Nd7 7. Nf3
{[%clk 0:02:47]} b4 {[%clk 0:02:54]} 8. Nd5 {[%clk 0:02:35]} e6 {[%clk 0:02:51]}
9. Nf4 {[%clk 0:02:26]} Bxe4 {[%clk 0:02:45]} 10. O-O {[%clk 0:02:22]} Be7 11.
Nh5 {[%clk 0:02:13]} Bf6 {[%clk 0:02:33]} 12. Be3 {[%clk 0:02:07]} Bg6
{[%clk 0:02:14]} 13. Ng3 {[%clk 0:02:06]} Ne7 {[%clk 0:02:10]} 14. Rc1
{[%clk 0:02:02]} O-O 15. Qd2 {[%clk 0:01:58]} Nb6 {[%clk 0:01:53]} 16. Qxb4
{[%clk 0:01:47]} Nbd5 {[%clk 0:01:54]} 17. Qd2 {[%clk 0:01:40]} Qd7
{[%clk 0:01:44]} 18. Rc4 {[%clk 0:01:14]} Nb6 {[%clk 0:01:41]} 19. Rc5
{[%clk 0:01:08]} Ned5 {[%clk 0:01:35]} 20. Bg5 {[%clk 0:01:04]} Bxg5
{[%clk 0:01:31]} 21. Qxg5 {[%clk 0:01:05]} h6 {[%clk 0:01:29]} 22. Qd2
{[%clk 0:01:03]} Rfc8 {[%clk 0:01:17]} 23. Rfc1 {[%clk 0:01:01]} c6
{[%clk 0:01:16]} 24. Ne5 {[%clk 0:01:01]} Qd6 {[%clk 0:01:12]} 25. Nxc6
{[%clk 0:00:53]} Nd7 {[%clk 0:01:08]} 26. R5c4 {[%clk 0:00:40]} N7b6
{[%clk 0:01:03]} 27. Rc5 {[%clk 0:00:30]} Nd7 {[%clk 0:01:03]} 28. R5c4
{[%clk 0:00:27]} N7b6 {[%clk 0:01:03]} 29. Rc5 {[%clk 0:00:26]} Nd7
{[%clk 0:00:54]} 30. R5c4 {[%clk 0:00:10]} N7b6 {[%clk 0:00:33]} 31. Rc5 1/2-1/2

[Event "C10"]
[Site "?"]
[Date "2020.08.30"]
[Round "8.6"]
[White "Prokopiuk, Jakub"]
[Black "Krawczyk, Eryk"]
[Result "1-0"]
[BlackElo "1181"]
[WhiteElo "1257"]
[LiveChessVersion "1.4.8"]

1. e4 {[%clk 0:03:03]} e5 {[%clk 0:03:04]} 2. Nf3 {[%clk 0:03:04]} Nc6
{[%clk 0:03:06]} 3. d4 {[%clk 0:03:05]} exd4 {[%clk 0:03:07]} 4. Nxd4
{[%clk 0:03:06]} Nf6 {[%clk 0:03:08]} 5. Nxc6 {[%clk 0:03:05]} bxc6
{[%clk 0:03:09]} 6. e5 {[%clk 0:03:06]} Qe7 {[%clk 0:03:10]} 7. Qe2 Nd5
{[%clk 0:03:10]} 8. c4 {[%clk 0:03:08]} Nb6 {[%clk 0:03:11]} 9. b3
{[%clk 0:03:06]} d6 {[%clk 0:03:05]} 10. exd6 {[%clk 0:03:03]} Qxe2+
{[%clk 0:03:05]} 11. Bxe2 {[%clk 0:03:03]} cxd6 {[%clk 0:03:01]} 12. O-O
{[%clk 0:02:59]} Be7 {[%clk 0:03:00]} 13. Re1 {[%clk 0:02:58]} O-O
{[%clk 0:03:00]} 14. Bf3 {[%clk 0:02:59]} Bf6 {[%clk 0:02:54]} 15. Bxc6
{[%clk 0:02:33]} Rb8 {[%clk 0:02:54]} 16. Ba3 {[%clk 0:02:30]} Rd8
{[%clk 0:02:33]} 17. Bxd6 {[%clk 0:02:24]} Bxa1 {[%clk 0:02:27]} 18. Bxb8
{[%clk 0:02:22]} Be6 {[%clk 0:02:19]} 19. Bxa7 {[%clk 0:02:14]} Nc8
{[%clk 0:02:00]} 20. Bc5 {[%clk 0:02:07]} Bf6 {[%clk 0:01:50]} 21. Bb7
{[%clk 0:01:53]} Nd6 {[%clk 0:01:41]} 22. Bxd6 {[%clk 0:01:50]} Rxd6
{[%clk 0:01:42]} 23. Bd5 {[%clk 0:01:51]} Kf8 {[%clk 0:01:33]} 24. Bxe6
{[%clk 0:01:50]} fxe6 {[%clk 0:01:33]} 25. c5 {[%clk 0:01:35]} Ra6
{[%clk 0:01:33]} 26. a4 {[%clk 0:01:33]} Rc6 {[%clk 0:01:31]} 27. b4
{[%clk 0:01:33]} Bc3 {[%clk 0:01:26]} 28. Nxc3 {[%clk 0:01:32]} Ra6
{[%clk 0:01:26]} 29. b5 {[%clk 0:01:30]} Ra7 {[%clk 0:01:27]} 30. c6
{[%clk 0:01:30]} Rc7 {[%clk 0:01:26]} 31. a5 {[%clk 0:01:31]} Rc8
{[%clk 0:01:27]} 32. Rxe6 {[%clk 0:01:31]} Ra8 {[%clk 0:01:25]} 33. c7
{[%clk 0:01:31]} Rxa5 {[%clk 0:01:22]} 34. c8=Q+ {[%clk 0:01:30]} Kf7
{[%clk 0:01:23]} 35. Qe8# {[%clk 0:01:31]} 1-0

[Event "C10"]
[Site "?"]
[Date "2020.08.30"]
[Round "8.7"]
[White "Zielen, Stanislaw"]
[Black "Komendecki, Grzegorz"]
[Result "0-1"]
[BlackElo "1154"]
[WhiteElo "1248"]
[LiveChessVersion "1.4.8"]

1. e4 {[%clk 0:03:01]} c5 {[%clk 0:03:04]} 2. Nf3 {[%clk 0:03:02]} g6
{[%clk 0:03:05]} 3. c3 {[%clk 0:03:03]} Bg7 {[%clk 0:02:56]} 4. Bc4
{[%clk 0:03:01]} d6 {[%clk 0:02:51]} 5. h3 {[%clk 0:02:58]} Nf6 {[%clk 0:02:51]}
6. d3 {[%clk 0:02:58]} O-O {[%clk 0:02:49]} 7. Be3 {[%clk 0:02:58]} Nbd7
{[%clk 0:02:32]} 8. Nbd2 {[%clk 0:02:57]} a6 {[%clk 0:02:33]} 9. Bb3
{[%clk 0:02:56]} b5 {[%clk 0:02:33]} 10. O-O {[%clk 0:02:48]} Bb7
{[%clk 0:02:34]} 11. a3 {[%clk 0:02:31]} Rc8 {[%clk 0:02:29]} 12. c4
{[%clk 0:02:26]} bxc4 {[%clk 0:02:13]} 13. Bxc4 {[%clk 0:02:22]} Nb6
{[%clk 0:02:12]} 14. Ba2 {[%clk 0:02:19]} d5 {[%clk 0:02:02]} 15. e5
{[%clk 0:02:01]} Nfd7 {[%clk 0:01:59]} 16. d4 {[%clk 0:02:00]} cxd4
{[%clk 0:01:51]} 17. Bxd4 {[%clk 0:02:01]} e6 {[%clk 0:01:51]} 18. Re1
{[%clk 0:01:40]} Nc5 {[%clk 0:01:35]} 19. Bxc5 {[%clk 0:01:35]} Rxc5
{[%clk 0:01:34]} 20. Nb3 {[%clk 0:01:36]} Rc7 {[%clk 0:01:29]} 21. Rc1
{[%clk 0:01:20]} Nc4 {[%clk 0:01:28]} 22. Qc2 {[%clk 0:01:13]} Rc8
{[%clk 0:01:03]} 23. Nbd2 {[%clk 0:01:00]} Nxa3 {[%clk 0:00:58]} 24. Qb3
{[%clk 0:00:53]} Nb5 {[%clk 0:00:57]} 25. Qd1 {[%clk 0:00:26]} Rxc1
{[%clk 0:00:48]} 26. Qxc1 {[%clk 0:00:27]} Qc8 {[%clk 0:00:48]} 27. Qd1
{[%clk 0:00:24]} Qb8 {[%clk 0:00:48]} 28. Qe2 {[%clk 0:00:17]} Rc8
{[%clk 0:00:42]} 29. Nb3 {[%clk 0:00:16]} Nc7 {[%clk 0:00:33]} 30. Nc5
{[%clk 0:00:14]} Rd8 {[%clk 0:00:27]} 31. Nd4 {[%clk 0:00:05]} Ne8
{[%clk 0:00:19]} 32. Nxa6 {[%clk 0:00:06]} Bxa6 {[%clk 0:00:19]} 33. Qxa6
{[%clk 0:00:07]} Qxb2 {[%clk 0:00:12]} 34. Nc6 {[%clk 0:00:06]} Rd7
{[%clk 0:00:09]} 35. Qc8 {[%clk 0:00:05]} Qb7 {[%clk 0:00:07]} 36. Qxe8+
{[%clk 0:00:03]} Bf8 37. Qc8 0-1

[Event "C10"]
[Site "?"]
[Date "2020.08.30"]
[Round "8.8"]
[White "Kudraszow, Filip"]
[Black "Durzynski, Jan"]
[Result "0-1"]
[BlackElo "1237"]
[WhiteElo "1202"]
[LiveChessVersion "1.4.8"]

1. e4 {[%clk 0:03:03]} c5 {[%clk 0:03:04]} 2. Nf3 {[%clk 0:03:04]} e6
{[%clk 0:03:05]} 3. c3 {[%clk 0:03:04]} d5 {[%clk 0:03:04]} 4. exd5
{[%clk 0:03:03]} Qxd5 {[%clk 0:03:04]} 5. d4 {[%clk 0:03:03]} cxd4
{[%clk 0:03:03]} 6. Qxd4 {[%clk 0:03:02]} Nf6 {[%clk 0:02:58]} 7. Bg5
{[%clk 0:02:47]} Nc6 {[%clk 0:02:55]} 8. Qxd5 {[%clk 0:02:40]} Nxd5
{[%clk 0:02:55]} 9. Bb5 {[%clk 0:02:38]} h6 {[%clk 0:02:55]} 10. Bh4
{[%clk 0:02:36]} Bd7 {[%clk 0:02:56]} 11. O-O {[%clk 0:02:33]} Be7
{[%clk 0:02:57]} 12. Bg3 {[%clk 0:02:31]} a6 {[%clk 0:02:52]} 13. Ba4
{[%clk 0:02:28]} b5 {[%clk 0:02:53]} 14. Bb3 {[%clk 0:02:28]} Nb6
{[%clk 0:02:50]} 15. Nbd2 {[%clk 0:02:27]} O-O {[%clk 0:02:49]} 16. Ne4
{[%clk 0:02:27]} Na5 {[%clk 0:02:36]} 17. Bc2 {[%clk 0:02:22]} Bc6
{[%clk 0:02:37]} 18. Rad1 {[%clk 0:02:13]} Rfd8 {[%clk 0:02:34]} 19. h3
{[%clk 0:02:07]} Nac4 {[%clk 0:02:25]} 20. Bb3 {[%clk 0:01:35]} Nxb2
{[%clk 0:02:23]} 21. Rxd8+ {[%clk 0:01:34]} Bxd8 {[%clk 0:02:21]} 22. Nc5
{[%clk 0:01:23]} N2c4 {[%clk 0:02:16]} 23. Nd4 {[%clk 0:01:20]} Bd5
{[%clk 0:02:09]} 24. Rd1 {[%clk 0:01:12]} Be7 {[%clk 0:02:10]} 25. Nd3
{[%clk 0:01:03]} Rc8 {[%clk 0:02:07]} 26. Nb4 {[%clk 0:00:51]} a5
{[%clk 0:01:55]} 27. Nd3 {[%clk 0:00:51]} Bc6 {[%clk 0:01:36]} 28. Bxc4
{[%clk 0:00:40]} Nxc4 {[%clk 0:01:29]} 29. Nb3 {[%clk 0:00:37]} a4
{[%clk 0:01:27]} 30. Nbc5 {[%clk 0:00:33]} Nb2 {[%clk 0:01:22]} 31. Nxb2
{[%clk 0:00:32]} Bxc5 32. Nd3 {[%clk 0:00:32]} Bb6 {[%clk 0:01:21]} 33. Nb4
{[%clk 0:00:32]} Bb7 {[%clk 0:01:17]} 34. Rd7 {[%clk 0:00:26]} Be4
{[%clk 0:01:07]} 35. Rb7 {[%clk 0:00:16]} Bxb7 {[%clk 0:01:02]} 36. Kh2
{[%clk 0:00:17]} Rxc3 {[%clk 0:01:01]} 37. Nc2 {[%clk 0:00:21]} Bc5
{[%clk 0:01:00]} 38. Ne3 {[%clk 0:00:21]} Bxe3 {[%clk 0:01:00]} 39. fxe3
{[%clk 0:00:21]} 0-1

[Event "C10"]
[Site "?"]
[Date "2020.08.30"]
[Round "8.9"]
[White "Grobelny, Mikolaj"]
[Black "Sienicki, Oliwier"]
[Result "1-0"]
[BlackElo "1238"]
[WhiteElo "1134"]
[LiveChessVersion "1.4.8"]

1. e4 {[%clk 0:03:02]} c5 {[%clk 0:03:04]} 2. Nf3 Nc6 3. d4 {[%clk 0:03:04]} cxd4
{[%clk 0:03:07]} 4. Nxd4 {[%clk 0:03:04]} g6 {[%clk 0:03:08]} 5. c4
{[%clk 0:02:45]} Bg7 {[%clk 0:03:08]} 6. Be3 {[%clk 0:02:46]} Nf6
{[%clk 0:03:08]} 7. f3 {[%clk 0:02:38]} O-O {[%clk 0:03:08]} 8. Nc3
{[%clk 0:02:40]} d6 {[%clk 0:03:00]} 9. Qd2 {[%clk 0:02:35]} Bd7 {[%clk 0:02:55]}
10. Be2 {[%clk 0:02:36]} Rc8 {[%clk 0:02:55]} 11. O-O {[%clk 0:02:34]} a6
{[%clk 0:02:48]} 12. Rac1 {[%clk 0:02:30]} Ne5 {[%clk 0:02:44]} 13. b3
{[%clk 0:02:30]} Nc6 {[%clk 0:02:16]} 14. Rfd1 {[%clk 0:02:29]} Nxd4
{[%clk 0:02:03]} 15. Bxd4 {[%clk 0:02:30]} Qa5 {[%clk 0:01:46]} 16. Nd5
{[%clk 0:02:14]} Qxd2 {[%clk 0:01:43]} 17. Nxe7+ {[%clk 0:02:13]} Kh8
{[%clk 0:01:40]} 18. Rxd2 {[%clk 0:02:14]} Rce8 {[%clk 0:01:35]} 19. Nd5
{[%clk 0:02:11]} Nxd5 {[%clk 0:01:36]} 20. Bxg7+ {[%clk 0:02:11]} Kxg7
{[%clk 0:01:34]} 21. Rxd5 {[%clk 0:02:12]} Re6 {[%clk 0:01:32]} 22. Rcd1
{[%clk 0:02:12]} f5 {[%clk 0:01:26]} 23. Rxd6 {[%clk 0:02:03]} Rxd6
{[%clk 0:01:25]} 24. Rxd6 {[%clk 0:02:04]} Bc6 {[%clk 0:01:26]} 25. e5
{[%clk 0:01:49]} Re8 {[%clk 0:01:27]} 26. f4 {[%clk 0:01:48]} g5 {[%clk 0:01:23]}
27. g3 {[%clk 0:01:47]} g4 {[%clk 0:01:23]} 28. Kf2 {[%clk 0:01:39]} Ra8
{[%clk 0:01:06]} 29. c5 {[%clk 0:01:27]} a5 {[%clk 0:01:07]} 30. Bc4
{[%clk 0:01:23]} a4 {[%clk 0:01:05]} 31. b4 {[%clk 0:01:06]} Rc8 {[%clk 0:00:52]}
32. Bd5 {[%clk 0:00:45]} Bxd5 {[%clk 0:00:51]} 33. Rxd5 {[%clk 0:00:46]} Rc6
{[%clk 0:00:34]} 34. Rd7+ {[%clk 0:00:45]} Kh6 {[%clk 0:00:35]} 35. Rd6+
{[%clk 0:00:43]} Rxd6 {[%clk 0:00:31]} 36. exd6 {[%clk 0:00:39]} a3
{[%clk 0:00:32]} 37. d7 {[%clk 0:00:37]} b5 {[%clk 0:00:31]} 38. d8=Q
{[%clk 0:00:36]} Kg6 {[%clk 0:00:27]} 39. Qd6+ {[%clk 0:00:22]} Kf7
{[%clk 0:00:28]} 40. Ke3 {[%clk 0:00:22]} Kg7 {[%clk 0:00:28]} 41. Kd4
{[%clk 0:00:22]} Kf7 {[%clk 0:00:29]} 42. Ke5 {[%clk 0:00:23]} Kg7
{[%clk 0:00:30]} 43. Kxf5 {[%clk 0:00:21]} h5 {[%clk 0:00:30]} 44. Qe7+
{[%clk 0:00:19]} Kh6 {[%clk 0:00:25]} 45. Kf6 {[%clk 0:00:12]} h4
{[%clk 0:00:23]} 46. Qg7+ {[%clk 0:00:12]} Kh5 {[%clk 0:00:24]} 47. Qg5#
{[%clk 0:00:12]} 1-0

[Event "C10"]
[Site "?"]
[Date "2020.08.30"]
[Round "8.10"]
[White "Jodlowski, Robert"]
[Black "Witczak, Borys"]
[Result "0-1"]
[BlackElo "1053"]
[WhiteElo "1269"]
[LiveChessVersion "1.4.8"]

1. d4 {[%clk 0:03:03]} d5 {[%clk 0:03:03]} 2. Bf4 {[%clk 0:03:04]} c5
{[%clk 0:03:03]} 3. e3 {[%clk 0:03:04]} Nc6 {[%clk 0:03:04]} 4. Nf3
{[%clk 0:03:04]} Bf5 {[%clk 0:03:04]} 5. Bb5 {[%clk 0:02:59]} e6 {[%clk 0:02:56]}
6. Ne5 {[%clk 0:02:59]} Nge7 {[%clk 0:02:52]} 7. dxc5 {[%clk 0:02:55]} a6 8.
Bxc6+ {[%clk 0:02:41]} Nxc6 {[%clk 0:02:45]} 9. Nxc6 {[%clk 0:02:41]} bxc6
{[%clk 0:02:45]} 10. Nd2 {[%clk 0:02:25]} Bxc5 {[%clk 0:02:42]} 11. O-O
{[%clk 0:02:25]} O-O {[%clk 0:02:38]} 12. Rc1 {[%clk 0:01:57]} Bd6
{[%clk 0:02:31]} 13. Qf3 {[%clk 0:01:56]} Qc7 {[%clk 0:02:18]} 14. Bxd6
{[%clk 0:01:52]} Qxd6 {[%clk 0:02:18]} 15. c4 {[%clk 0:01:50]} Rab8
{[%clk 0:02:06]} 16. cxd5 {[%clk 0:01:38]} cxd5 {[%clk 0:01:56]} 17. Rfd1
{[%clk 0:01:39]} Qe7 {[%clk 0:01:25]} 18. b3 {[%clk 0:01:19]} Qg5
{[%clk 0:01:22]} 19. e4 {[%clk 0:01:15]} Bg4 {[%clk 0:01:19]} 20. Qg3
{[%clk 0:01:12]} Qg6 {[%clk 0:00:54]} 21. Re1 {[%clk 0:00:55]} Rbc8
{[%clk 0:00:36]} 22. exd5 {[%clk 0:00:52]} exd5 {[%clk 0:00:32]} 23. Qe5
{[%clk 0:00:45]} Qe6 {[%clk 0:00:25]} 24. Qg3 {[%clk 0:00:29]} Rxc1
{[%clk 0:00:13]} 25. Rxc1 {[%clk 0:00:30]} Qe2 {[%clk 0:00:10]} 26. Nf1
{[%clk 0:00:22]} Rd8 {[%clk 0:00:08]} 27. Qc7 {[%clk 0:00:13]} Qe8
{[%clk 0:00:05]} 28. Qf4 {[%clk 0:00:13]} Be6 {[%clk 0:00:06]} 29. Ne3
{[%clk 0:00:13]} d4 {[%clk 0:00:06]} 30. Nf1 {[%clk 0:00:09]} d3 {[%clk 0:00:06]}
31. Rd1 {[%clk 0:00:10]} Qd7 {[%clk 0:00:06]} 32. h3 {[%clk 0:00:10]} h6
{[%clk 0:00:05]} 33. Qe3 {[%clk 0:00:11]} Qd4 {[%clk 0:00:06]} 34. Qf3
{[%clk 0:00:07]} Qd5 {[%clk 0:00:06]} 35. Qe3 {[%clk 0:00:08]} Qd4
{[%clk 0:00:07]} 36. Qg3 {[%clk 0:00:09]} Qf6 {[%clk 0:00:06]} 37. Rxd3
{[%clk 0:00:10]} Rxd3 {[%clk 0:00:07]} 38. Qxd3 {[%clk 0:00:10]} Bf5
{[%clk 0:00:07]} 39. Qe2 {[%clk 0:00:07]} Qe6 {[%clk 0:00:07]} 40. Ne3
{[%clk 0:00:08]} Be4 {[%clk 0:00:07]} 41. f3 {[%clk 0:00:09]} Bc6
{[%clk 0:00:08]} 42. Kh1 {[%clk 0:00:09]} Bb5 {[%clk 0:00:10]} 43. Qf2
{[%clk 0:00:10]} Qc6 {[%clk 0:00:07]} 44. Nf5 {[%clk 0:00:09]} Qc1+
{[%clk 0:00:08]} 45. Kh2 Qf4+ {[%clk 0:00:08]} 46. Ng3 {[%clk 0:00:11]} h5
{[%clk 0:00:07]} 47. Kh1 {[%clk 0:00:10]} h4 {[%clk 0:00:07]} 48. Nf1
{[%clk 0:00:11]} Qc1 {[%clk 0:00:06]} 49. Kg1 {[%clk 0:00:12]} Bxf1
{[%clk 0:00:05]} 50. Qxf1 {[%clk 0:00:12]} Qc5+ {[%clk 0:00:06]} 51. Qf2
{[%clk 0:00:13]} Qc1+ {[%clk 0:00:06]} 52. Kh2 {[%clk 0:00:14]} Qf4+
{[%clk 0:00:06]} 53. g3 {[%clk 0:00:14]} hxg3+ {[%clk 0:00:06]} 54. Qxg3
{[%clk 0:00:15]} Qd2+ {[%clk 0:00:08]} 55. Qg2 {[%clk 0:00:16]} Qf4+
{[%clk 0:00:09]} 56. Kh1 {[%clk 0:00:16]} Qc1+ {[%clk 0:00:10]} 57. Qg1
{[%clk 0:00:18]} Qf4 {[%clk 0:00:08]} 58. Qf2 {[%clk 0:00:11]} Qc1+
{[%clk 0:00:08]} 59. Kg2 {[%clk 0:00:13]} Qg5+ {[%clk 0:00:09]} 60. Qg3
{[%clk 0:00:14]} Qd2+ {[%clk 0:00:10]} 61. Kh1 {[%clk 0:00:14]} Qxa2
{[%clk 0:00:08]} 62. Qb8+ {[%clk 0:00:12]} Kh7 {[%clk 0:00:09]} 63. Qg3
{[%clk 0:00:09]} Qxb3 {[%clk 0:00:07]} 64. Qh4+ {[%clk 0:00:11]} Kg8
{[%clk 0:00:05]} 65. Qd8+ {[%clk 0:00:11]} Kh7 {[%clk 0:00:07]} 66. Qh4+
{[%clk 0:00:12]} Kg6 {[%clk 0:00:07]} 67. Qg4+ {[%clk 0:00:13]} Kf6
{[%clk 0:00:08]} 68. Qf4+ {[%clk 0:00:13]} Ke6 {[%clk 0:00:09]} 69. Qe4+
{[%clk 0:00:14]} Kd6 {[%clk 0:00:09]} 70. Qd4+ {[%clk 0:00:15]} Qd5
{[%clk 0:00:09]} 71. Qb6+ {[%clk 0:00:16]} Qc6 {[%clk 0:00:10]} 72. Qd4+
{[%clk 0:00:17]} Kc7 {[%clk 0:00:11]} 73. Qxg7 {[%clk 0:00:17]} Qxf3+
{[%clk 0:00:11]} 74. Kh2 {[%clk 0:00:18]} Qf2+ {[%clk 0:00:12]} 75. Kh1
{[%clk 0:00:19]} Qe1+ {[%clk 0:00:12]} 76. Kg2 {[%clk 0:00:20]} Qe4+
{[%clk 0:00:13]} 77. Kh2 {[%clk 0:00:21]} Qf4+ {[%clk 0:00:13]} 78. Kh1
{[%clk 0:00:22]} Qe4+ {[%clk 0:00:13]} 79. Kh2 {[%clk 0:00:23]} Qe2+
{[%clk 0:00:13]} 80. Kh1 {[%clk 0:00:25]} Qd1+ {[%clk 0:00:12]} 81. Kh2
{[%clk 0:00:25]} Qd6+ {[%clk 0:00:12]} 82. Kg2 {[%clk 0:00:24]} Qg6+
{[%clk 0:00:12]} 83. Qxg6 {[%clk 0:00:25]} fxg6 {[%clk 0:00:13]} 84. Kg3
{[%clk 0:00:25]} a5 {[%clk 0:00:15]} 85. Kg4 {[%clk 0:00:27]} a4 {[%clk 0:00:16]}
86. Kg5 {[%clk 0:00:28]} a3 {[%clk 0:00:18]} 87. Kxg6 {[%clk 0:00:29]} a2
{[%clk 0:00:19]} 88. h4 {[%clk 0:00:30]} a1=Q {[%clk 0:00:19]} 89. h5
{[%clk 0:00:31]} Qh8 {[%clk 0:00:18]} 90. h6 {[%clk 0:00:29]} Kd6
{[%clk 0:00:20]} 91. h7 {[%clk 0:00:30]} Ke7 {[%clk 0:00:20]} 92. Kh6
{[%clk 0:00:31]} Kf6 {[%clk 0:00:21]} 93. Kh5 {[%clk 0:00:31]} Qxh7+
{[%clk 0:00:22]} 0-1

[Event "C10"]
[Site "?"]
[Date "2020.08.30"]
[Round "9.2"]
[White "Lecki, Leonard"]
[Black "Kaszuba, Michal"]
[Result "1-0"]
[BlackElo "1167"]
[WhiteElo "1068"]
[LiveChessVersion "1.4.8"]

1. e4 {[%clk 0:03:04]} Nf6 {[%clk 0:03:03]} 2. e5 {[%clk 0:03:03]} Nd5
{[%clk 0:03:01]} 3. d4 {[%clk 0:03:03]} d6 {[%clk 0:02:50]} 4. f4
{[%clk 0:03:02]} dxe5 {[%clk 0:02:46]} 5. fxe5 {[%clk 0:03:02]} Bf5
{[%clk 0:02:42]} 6. c4 {[%clk 0:02:59]} Nb6 {[%clk 0:02:40]} 7. Nc3
{[%clk 0:03:00]} e6 {[%clk 0:02:38]} 8. Nf3 {[%clk 0:02:54]} Bb4 {[%clk 0:01:54]}
9. a3 {[%clk 0:02:55]} Be7 {[%clk 0:01:51]} 10. Bd3 {[%clk 0:02:52]} Bxd3
{[%clk 0:01:21]} 11. Qxd3 {[%clk 0:02:53]} Nc6 {[%clk 0:01:12]} 12. d5
{[%clk 0:02:42]} Na5 {[%clk 0:01:02]} 13. Nd2 {[%clk 0:02:35]} exd5
{[%clk 0:00:21]} 14. cxd5 {[%clk 0:02:35]} c5 {[%clk 0:00:06]} 15. Qb5+
{[%clk 0:02:26]} Qd7 {[%clk 0:00:05]} 16. Qxa5 {[%clk 0:02:26]} Nxd5
{[%clk 0:00:06]} 17. Nxd5 {[%clk 0:02:22]} Qxd5 {[%clk 0:00:05]} 18. Qb5+
{[%clk 0:02:22]} Kd8 {[%clk 0:00:04]} 19. O-O {[%clk 0:02:16]} Qd4+
{[%clk 0:00:05]} 20. Kh1 {[%clk 0:02:16]} Kc7 {[%clk 0:00:05]} 21. Nb3
{[%clk 0:02:11]} Qd5 {[%clk 0:00:05]} 22. Bf4 {[%clk 0:02:07]} b6
{[%clk 0:00:03]} 23. Rfd1 {[%clk 0:02:05]} Qc6 {[%clk 0:00:05]} 24. e6+
{[%clk 0:02:06]} Kb7 {[%clk 0:00:07]} 25. Rd7+ {[%clk 0:02:06]} Qxd7
{[%clk 0:00:06]} 26. Qxd7+ {[%clk 0:02:05]} Ka6 {[%clk 0:00:07]} 27. Qxe7
{[%clk 0:01:52]} Rhd8 {[%clk 0:00:08]} 28. exf7 {[%clk 0:01:43]} c4
{[%clk 0:00:09]} 29. Nd4 {[%clk 0:01:40]} Rxd4 {[%clk 0:00:09]} 30. f8=Q Rxf8
{[%clk 0:00:06]} 31. Qxf8 {[%clk 0:01:34]} b5 {[%clk 0:00:04]} 32. Qc8+
{[%clk 0:01:30]} Ka5 {[%clk 0:00:05]} 33. Bc7+ {[%clk 0:01:28]} Ka4
{[%clk 0:00:06]} 34. Qa6+ {[%clk 0:01:26]} Kb3 {[%clk 0:00:06]} 35. Qxb5+
{[%clk 0:01:27]} Kc2 {[%clk 0:00:06]} 36. Qa4+ {[%clk 0:01:26]} Kxb2
{[%clk 0:00:05]} 37. Rf1 {[%clk 0:01:21]} Kc3 {[%clk 0:00:04]} 38. Be5
{[%clk 0:01:21]} Kd3 {[%clk 0:00:04]} 39. Bxd4 {[%clk 0:01:21]} Kxd4
{[%clk 0:00:05]} 40. Rf4+ {[%clk 0:01:21]} Kd3 {[%clk 0:00:06]} 41. Qxc4+
{[%clk 0:01:22]} Ke3 {[%clk 0:00:07]} 42. Qd4+ {[%clk 0:01:23]} Ke2
{[%clk 0:00:09]} 43. Rf2+ {[%clk 0:01:24]} Ke1 {[%clk 0:00:09]} 44. Qd2#
{[%clk 0:01:25]} 1-0

[Event "C10"]
[Site "?"]
[Date "2020.08.30"]
[Round "9.3"]
[White "Majcher, Igor"]
[Black "Sowinski, Pawel"]
[Result "0-1"]
[BlackElo "1527"]
[WhiteElo "1365"]
[LiveChessVersion "1.4.8"]

1. e4 {[%clk 0:03:03]} c5 {[%clk 0:03:04]} 2. Nf3 {[%clk 0:03:04]} e6
{[%clk 0:03:05]} 3. d4 cxd4 4. Nxd4 {[%clk 0:03:04]} Nc6 {[%clk 0:03:08]} 5. Nc3
{[%clk 0:03:03]} Qc7 {[%clk 0:03:08]} 6. Be3 {[%clk 0:03:03]} a6 {[%clk 0:03:10]}
7. f3 {[%clk 0:03:04]} Nf6 {[%clk 0:03:10]} 8. Qd2 {[%clk 0:03:05]} d6
{[%clk 0:03:11]} 9. O-O-O Be7 10. g4 {[%clk 0:03:00]} Bd7 {[%clk 0:03:09]} 11. h4
{[%clk 0:03:00]} Rc8 {[%clk 0:03:06]} 12. h5 {[%clk 0:03:00]} h6 {[%clk 0:03:06]}
13. Be2 {[%clk 0:02:45]} b5 {[%clk 0:03:07]} 14. Nxc6 {[%clk 0:02:45]} Bxc6
{[%clk 0:03:01]} 15. Bd3 {[%clk 0:02:44]} b4 {[%clk 0:02:49]} 16. Ne2
{[%clk 0:02:44]} a5 {[%clk 0:02:49]} 17. Kb1 {[%clk 0:02:41]} d5 {[%clk 0:02:42]}
18. exd5 {[%clk 0:02:39]} Nxd5 {[%clk 0:02:42]} 19. Bf2 {[%clk 0:02:29]} Bg5
{[%clk 0:02:42]} 20. Qe1 {[%clk 0:02:26]} a4 {[%clk 0:02:42]} 21. Nd4
{[%clk 0:02:23]} Bd7 {[%clk 0:02:36]} 22. Nf5 {[%clk 0:02:16]} O-O
{[%clk 0:02:34]} 23. Nh4 {[%clk 0:02:09]} Rb8 {[%clk 0:02:32]} 24. Bg3
{[%clk 0:02:06]} Nf4 {[%clk 0:02:29]} 25. Qe4 {[%clk 0:02:03]} f5
{[%clk 0:02:25]} 26. gxf5 {[%clk 0:02:00]} exf5 {[%clk 0:02:26]} 27. Qd4
{[%clk 0:02:00]} b3 {[%clk 0:02:08]} 28. Bc4+ {[%clk 0:01:58]} Kh7
{[%clk 0:02:08]} 29. Qxd7 {[%clk 0:01:51]} bxc2+ {[%clk 0:02:08]} 30. Kxc2
{[%clk 0:01:50]} Qxc4+ {[%clk 0:02:08]} 31. Kb1 {[%clk 0:01:51]} Rxb2+
{[%clk 0:02:08]} 32. Kxb2 {[%clk 0:01:50]} Rb8+ {[%clk 0:02:09]} 33. Ka3
{[%clk 0:01:50]} Qc3+ {[%clk 0:02:09]} 0-1

[Event "C10"]
[Site "?"]
[Date "2020.08.30"]
[Round "9.4"]
[White "Durzynski, Jan"]
[Black "Prokopiuk, Jakub"]
[Result "1-0"]
[BlackElo "1257"]
[WhiteElo "1237"]
[LiveChessVersion "1.4.8"]

1. d4 d5 2. c4 c6 3. Nc3 Nf6 4. Bg5 Nbd7 5. e3 e6 6. Nf3 Bb4 7. a3 Bxc3+ 8. bxc3
Qa5 9. Qc2 Ne4 10. Rc1 Qxa3 11. cxd5 exd5 12. Bd3 Ndf6 13. Bxf6 Nxf6 14. O-O O-O
15. Ra1 Qd6 16. Ng5 g6 17. Nf3 Bg4 18. Ne5 Be6 19. Ra2 Nd7 20. Nxd7 Qxd7 21. Rfa1
a6 22. Rb2 b5 23. Rba2 Qb7 24. Ra5 Qb6 25. Qa2 Bc8 26. Rb1 Ra7 27. c4 dxc4 28.
Bxc4 b4 29. Ra4 Bf5 30. Rbxb4 Qc7 31. h3 Rb8 32. Rxb8+ Qxb8 33. Rxa6 Rxa6 34.
Qxa6 Be4 35. f3 Qb1+ 36. Bf1 Bd5 37. e4 Be6 38. Qxc6 Qd1 39. d5 Qd4+ 40. Kh1 Qf2
41. Qc4 Bd7 42. e5 Qe3 43. Qe4 Qf2 44. Qe2 Qg3 45. Qe3 Qh4 46. e6 fxe6 47. dxe6
Be8 48. e7 Kf7 49. Bc4+ Kg7 50. Qe5+ Kh6 51. Qh8 Qxe7 52. Bg8 Qe1+ 53. Kh2 Qe7
54. Bd5 Qd6+ 55. g3 Qxd5 56. Qxe8 Qd2+ 57. Kg1 Qd1+ 58. Kf2 Qd2+ 59. Qe2 Qd7 60.
g4 Kg7 61. Qe5+ Kh6 62. f4 Qa7+ 63. Qe3 Qa2+ 64. Kg3 Qd5 65. f5+ g5 66. h4 gxh4+
1-0